Catalog

Record Details

Catalog Search



Systematic Theology. Volume 1 : The Living God  Cover Image Book Book

Systematic Theology. Volume 1 : The Living God / Thomas C. Oden

Oden, Thomas C. (Author).

Record details

  • ISBN: 0-06-066363-4
  • Physical Description: 430 p.
  • Publisher: San Francisco Harper and Row c1987

Available copies

  • 1 of 1 copy available at Common Catalog SPOK.

Holds

  • 0 current holds with 1 total copy.
Show Only Available Copies
Location Call Number / Copy Notes Barcode Shelving Location Status Due Date
ETS Library 230.044 424470002349 Volný výběr Available -

LDR 00656nam a2 00241
00137952
003CZ-PrJAB
00520151202160511.0
008030331s1800 xxu e |||| |eng
009us
020 . ‡a0-06-066363-4
035 . ‡a(CONS)5471
035 . ‡aKPS11350
040 . ‡aABG450
041 . ‡aeng
08214. ‡a231
100 . ‡71350 ‡aOden, Thomas C.
245 . ‡aSystematic Theology. Volume 1 : The Living God / ‡cThomas C. Oden
260 . ‡aSan Francisco ‡bHarper and Row ‡cc1987
300 . ‡a430 p.
653 . ‡aThe living God ‡asystematic theology
8524 . ‡bETS ‡bETS ‡cVolný výběr ‡j230.044 ‡gE ‡p424470002349
910 . ‡aABG450
999 . ‡a5471 ‡bAUTOGEN ‡c5471 ‡tbiblio
905 . ‡uadmin
901 . ‡a37952 ‡b ‡c37952 ‡tbiblio ‡sets

Additional Resources